Super Mario - All Lumas - Statistics

General Stats
  • This quiz has been taken 5 times
  • The average score is 3 of 35
Answer Stats
Answer % Correct
Lubba
60%
Blue Luma
40%
Hungry Luma
40%
Luma
40%
Baby Luma
20%
Coin Luma
20%
Green Luma
20%
Red Luma
20%
Apricot Luma
0%
Aquanox
0%
Aquaquake
0%
Co-Star Luma
0%
Cryobolide
0%
Electrogeddon
0%
Electroid
0%
Ethering
0%
Exosphere
0%
Giant Luma
0%
Glitter
0%
Lumacomète
0%
Lumalee
0%
Mari
0%
Plush Luma
0%
Polari
0%
Pulser
0%
Pyrogeddon
0%
Pyrostar
0%
Reflector
0%
Regenesis
0%
Spark
0%
Spark of Light
0%
Starburst
0%
Toxiquake
0%
Vampdash
0%
Zephyrquake
0%
No matching quizzes found
Score Distribution
Percent of People with Each Score
Percentile by Number Answered
Your Score History
You have not taken this quiz